[Event "Subic Bay Puregold op-B"]
[Site "Subic Bay"]
[Date "2016.12.15"]
[Round "5"]
[White "Quizon, Daniel"]
[Black "Rapanot, Alfredo"]
[Result "1-0"]
[WhiteElo "1906"]
[BlackElo "2057"]
[PlyCount "87"]
[EventDate "2016.12.13"]
[EventType "swiss"]
[EventRounds "9"]
[EventCountry "PHI"]
[SourceTitle "EXT 2018"]
[Source "ChessBase"]
[SourceDate "2017.10.13"]
[SourceVersion "1"]
[SourceVersionDate "2017.10.13"]
[SourceQuality "1"]

1. e4 e6 2. d4 d5 3. Nd2 Nf6 4. e5 Nfd7 5. Bd3 c5 6. c3 Nc6 7. Ne2 f6 8. exf6 Qxf6 9. Nf3 cxd4 10. Bg5 Qf7 11. cxd4 Bb4+ 12. Bd2 g6 13. 0-0 Bxd2 14. Qxd2 0-0 15. Rae1 a6 16. Ng3 Nf6 17. h4 Qg7 18. Ng5 Qh6 19. h5 gxh5 20. Qe3 h4 21. Ne2 Bd7 22. Nxh7 Qxe3 23. Nxf6+ Rxf6 24. fxe3 Raf8 25. Rxf6 Rxf6 26. Nc3 Be8 27. e4 Bf7 28. Ne2 Kg7 29. a3 Bg6 30. e5 Rf7 31. Bxg6 Kxg6 32. b4 Kg5 33. Rc1 Kg4 34. Rc3 Rf8 35. Rc2 Rc8 36. Kf2 Na7 37. Rd2 Nb5 38. Rd3 Rc2 39. a4 Na7 40. Rf3 Nc6 41. Rf8 Nxb4 42. Rg8+ Kf5 43. Kf3 Nc6 44. g4+ 1-0

[Event "Subic Bay Puregold op-B"]
[Site "Subic Bay"]
[Date "2016.12.14"]
[Round "3"]
[White "Bagamasbad, Efren"]
[Black "Rapanot, Alfredo"]
[Result "1-0"]
[WhiteElo "2134"]
[BlackElo "2057"]
[PlyCount "85"]
[EventDate "2016.12.13"]
[EventType "swiss"]
[EventRounds "9"]
[EventCountry "PHI"]
[SourceTitle "EXT 2018"]
[Source "ChessBase"]
[SourceDate "2017.10.13"]
[SourceVersion "1"]
[SourceVersionDate "2017.10.13"]
[SourceQuality "1"]

1. c4 Nf6 2. g3 g6 3. Bg2 Bg7 4. Nc3 0-0 5. e4 d6 6. Nge2 Nc6 7. 0-0 e5 8. d3 Nd4 9. Nxd4 exd4 10. Ne2 c5 11. b4 cxb4 12. Rb1 Nd7 13. Rxb4 Qa5 14. Rb5 Qxa2 15. Rd5 Nb6 16. Rxd6 Qa5 17. f4 Bg4 18. Bf3 Bxf3 19. Rxf3 Qb4 20. e5 f6 21. Rxd4 fxe5 22. Re4 Rad8 23. Qc2 Nd7 24. Bd2 Qc5+ 25. Kg2 Qc6 26. Bb4 Rf7 27. Nc3 exf4 28. Nd5 Bf8 29. Bxf8 Rdxf8 30. gxf4 Qd6 31. Qe2 Nf6 32. Re6 Qd7 33. Ne7+ Kg7 34. f5 gxf5 35. Nxf5+ Kh8 36. Qe5 Re8 37. Nd4 Rg7+ 38. Kf1 Rxe6 39. Nxe6 Rf7 40. Ng5 Rf8 41. Rxf6 Qxd3+ 42. Kg2 Qe2+ 43. Qxe2 1-0

[Event "Olongapo City Puregold op-B"]
[Site "Olongapo City"]
[Date "2015.11.20"]
[Round "6"]
[White "Rapanot, Alfredo"]
[Black "Miciano, John Marvin"]
[Result "1/2-1/2"]
[WhiteElo "2171"]
[BlackElo "1882"]
[PlyCount "112"]
[EventDate "2015.11.17"]
[EventType "swiss"]
[EventRounds "9"]
[EventCountry "PHI"]
[SourceTitle "EXT 2017"]
[Source "ChessBase"]
[SourceDate "2016.10.25"]
[SourceVersion "1"]
[SourceVersionDate "2016.10.25"]
[SourceQuality "1"]

1. d4 Nf6 2. Nc3 d5 3. Bg5 Bf5 4. f3 Nbd7 5. g4 Bg6 6. Nh3 h6 7. Bxf6 Nxf6 8. Qd2 e6 9. Nf4 Bh7 10. h4 Bd6 11. 0-0-0 c6 12. g5 Ng8 13. e4 Qc7 14. e5 Bf8 15. g6 Bxg6 16. Nxg6 fxg6 17. Bd3 0-0-0 18. Bxg6 Bb4 19. a3 Bxc3 20. Qxc3 Ne7 21. Rdg1 Rhf8 22. Bd3 Nf5 23. Rg6 Qf7 24. Bxf5 Qxf5 25. Rxg7 Qxf3 26. Qxf3 Rxf3 27. Rg6 Rf2 28. c3 Rdf8 29. Rhg1 Rh2 30. R1g2 Rxg2 31. Rxg2 Rf4 32. Rg6 Rxh4 33. Rxe6 Rh2 34. Re8+ Kd7 35. Rh8 h5 36. Rh7+ Kc8 37. b4 h4 38. e6 Re2 39. Kd1 Rxe6 40. Rxh4 b5 41. Rh7 Kb8 42. Kd2 Re4 43. a4 bxa4 44. Rh1 Kb7 45. Ra1 Rh4 46. Rxa4 Kb6 47. Ra5 Rh2+ 48. Kd3 a6 49. Ra1 Rh3+ 50. Kc2 Rg3 51. Rh1 a5 52. bxa5+ Kxa5 53. Rb1 Ka6 54. Rb8 Ka7 55. Rb4 Rg7 56. Ra4+ Kb8 1/2-1/2